Search the Library Catalogue
| 000 -LEADER | |
|---|---|
| fixed length control field | 02088nam a2200181Ia 4500 |
| 008 - FIXED-LENGTH DATA ELEMENTS--GENERAL INFORMATION | |
| fixed length control field | 240822s9999 xx 000 0 und d |
| 020 ## - INTERNATIONAL STANDARD BOOK NUMBER | |
| ISBN | 9780323828604 |
| Paper back/Hardbound | pbk |
| 041 ## - LANGUAGE CODE | |
| Language code of text/sound track or separate title | eng |
| 082 ## - DEWEY DECIMAL CLASSIFICATION NUMBER | |
| Classification number | 362.1962414 HID |
| 100 ## - MAIN ENTRY--AUTHOR NAME | |
| Personal name | Hidalgo Jorge |
| 245 #0 - TITLE STATEMENT | |
| Title | Covid 19 Pandemic : lessons from the frontline |
| Statement of responsibility, etc | / Jorge Hidalgo ; Gloria Rodriguez-Vega ; Javier Perez-Fernandez |
| 250 ## - EDITION STATEMENT | |
| Edition statement | 1st ed. |
| 260 ## - PUBLICATION, DISTRIBUTION, ETC. (IMPRINT) | |
| Name of publisher | Elsevier, Amsterdam, Netherlands, 2022. |
| 520 ## - SUMMARY, ETC. | |
| Summary, etc | Providing a broad, global view of all aspects related to preparation for and management of SARS-CoV2, COVID-19 Pandemic: Lessons from the Frontline explores and challenges the basis of knowledge, the transmission of information, and the preparation and epidemiology tactics of healthcare systems worldwide. This timely and provocative volume presents real-world viewpoints from leaders in different areas of health management, who address questions such as: What will we do differently if another pandemic comes? Have we learned from our mistakes? Can we do better? This practical, wide-ranging approach also covers the problem of contrasting sources, health system preparedness, effective preparation of and protection offered to individual healthcare professionals, and the human tragedy surrounding the pandemic. Offers a global perspective on how the COVID-19 pandemic was handled, things that went wrong, and things that could be done differently in the future. Covers multiple aspects of the pandemic, including disaster preparedness; perspectives from patients, families, and healthcare providers; inequity of medical resources; risk exposure on the frontline; government decision making; lockdowns; the role of politics; the burden of COVID-19 in various countries worldwide; and future directions. Reflects on the role of professional societies and NGOs in advising governments and supranational organizations. Features a diverse list of contributors, including health decision makers and frontline healthcare personnel. |
| 650 ## - SUBJECT ADDED ENTRY--TOPICAL TERM | |
| Topical Term | Social problems and services to groups |
| 942 ## - ADDED ENTRY ELEMENTS (KOHA) | |
| Koha item type | Reference |
| Withdrawn status | Lost status | Damaged status | Not for loan | Home library | Current library | Shelving location | Date acquired | Cost, normal purchase price | Full call number | Accession Number | Price effective from | Koha item type |
|---|---|---|---|---|---|---|---|---|---|---|---|---|
| Anna Centenary Library | Anna Centenary Library | 4TH FLOOR, A WING | 22.08.2024 | 8349.17 | 362.1962414 HID | 690898 | 22.08.2024 | Reference |